Вып. 31; Теория механизмов и машин

Bibliografske podrobnosti
Parent link:Теория механизмов и машин: республиканский междуведомственный научно-технический сборник/ Харьковский политехнический институт (ХПИ). Вып. 31.— , 1966-1990
Drugi avtorji: Кожевников С. Н. (редактор)
Jezik:ruščina
Izdano: 1981
Teme:
Format: Knjiga
KOHA link:https://koha.lib.tpu.ru/cgi-bin/koha/opac-detail.pl?biblionumber=308794

MARC

LEADER 00000nam2a2200000 4500
001 308794
005 20231102002128.0
035 |a (RuTPU)RU\TPU\book\334115 
090 |a 308794 
100 |a 20151106d1981 km y0rusy50 ca 
101 0 |a rus 
102 |a UA 
105 |a a z 001zy 
200 0 |a Вып. 31  |f под ред. С. Н. Кожевникова 
210 |d 1981 
215 |a 123 с.  |c ил. 
320 |a Библиогр. в конце ст. 
461 1 |0 (RuTPU)RU\TPU\book\218083  |t Теория механизмов и машин  |o республиканский междуведомственный научно-технический сборник  |f Харьковский политехнический институт (ХПИ)  |v Вып. 31  |d 1966-1990 
606 1 |a Механизмы и машины  |x Теория  |2 stltpush  |3 (RuTPU)RU\TPU\subj\64695  |9 81456 
610 1 |a колебательные процессы 
610 1 |a оптимизация 
610 1 |a роботы 
610 1 |a проектирование 
610 1 |a сборочные машины 
610 1 |a манипуляторы 
610 1 |a гидроприводы 
610 1 |a планетарные передачи 
610 1 |a кинематические расчеты 
610 1 |a свободные колебания 
610 1 |a фрикционные автоколебания 
610 1 |a клиноременные передачи 
675 |a 621.01  |v 4 
702 1 |a Кожевников  |b С. Н.  |4 340 
801 1 |a RU  |b 63413507  |c 20151106 
801 2 |a RU  |b 63413507  |c 20191018  |g RCR 
942 |c BK